[Event "71st MNE-ch 2019"]
[Site "Podgorica"]
[Date "2019.05.24"]
[Round "7.10"]
[White "Vujacic, Igor"]
[Black "Djurovic, Peko"]
[Result "1-0"]
[WhiteElo "2205"]
[BlackElo "1898"]
[Annotator "NA RC"]
[PlyCount "97"]
[EventDate "2019.05.18"]
[EventType "swiss"]
[EventCountry "MNE"]
[SourceTitle "playchess.com"]
[Source "ChessBase"]
[SourceQuality "1"]
[TimeControl "40/5400+30:1800+30"]

1. e4 {[%emt 0:12:58]} c5 {[%emt 0:00:00]} 2. Nf3 {[%emt 0:00:11]} Nc6 {[%emt 0:00:05]} 3. d4 {[%emt 0:00:12]} cxd4 {[%emt 0:00:48]} 4. Nxd4 {[%emt 0:00:08]} Nf6 {[%emt 0:00:04]} 5. Nc3 {[%emt 0:00:25]} e5 {[%emt 0:02:00]} 6. Ndb5 {[%emt 0:00:25]} d6 {[%emt 0:00:14]} 7. Bg5 {[%emt 0:00:09]} a6 {[%emt 0:00:18]} 8. Na3 {[%emt 0:00:08]} b5 {[%emt 0:00:06]} 9. Nd5 {[%emt 0:00:06]} Be7 {[%emt 0:00:12]} 10. Bxf6 {[%emt 0:00:08]} Bxf6 {[%emt 0:00:06]} 11. c3 {[%emt 0:00:18]} Bg5 {[%emt 0:00:13]} 12. Nc2 {[%emt 0:00:19]} Be6 {[%emt 0:00:39] B33: Sicilian: Pelikan and Sveshnikov Variations} (12... Rb8 13. Be2 O-O 14. O-O Kh8 15. Bg4 Bb7 16. Ncb4 Nxb4 17. cxb4 g6 18. a4 bxa4 19. Rxa4 Bc6 20. Be2 Bxa4 21. Qxa4 f5 22. exf5 Rxf5 {½-½ (30) Giri,A (2783)-Carlsen,M (2835) Wijk aan Zee 2019}) 13. a4 {[%emt 0:08:01]} bxa4 {[%emt 0:01:19]} 14. Ncb4 {[%emt 0:01:48]} Nxb4 {[%emt 0:21:27]} 15. Qxa4+ {[%emt 0:05:08]} Kf8 {[%emt 0:02:06]} 16. Nxb4 {[%emt 0:10:09]} a5 $146 {[%emt 0:02:32]} ({Predecessor:} 16... g6 17. Bxa6 Kg7 18. O-O Qb6 19. Qc6 Rab8 20. Qxb6 Rxb6 {½-½ (33) Hlavac,R (2040)-Volodin,V (2200) Marianske Lazne 2013}) 17. Bb5 {[%emt 0:09:31]} g6 {[%emt 0:09:01]} 18. Bc6 {[%emt 0:15:47]} Ra7 {[%emt 0:00:46]} 19. Bd5 {[%emt 0:00:17]} Qb6 {[%emt 0:03:52]} 20. O-O {[%emt 0:16:49]} Kg7 {[%emt 0:03:56]} 21. Qc6 {[%emt 0:06:49]} Qd8 {[%emt 0:07:45]} 22. Qb5 {[%emt 0:04:21]} Bd7 {[%emt 0:06:10]} 23. Bc6 {[%emt 0:00:23]} Qc7 {[%emt 0:01:06]} 24. Bxd7 {[%emt 0:01:19]} axb4 {[%emt 0:00:15]} 25. Rxa7 {[%emt 0:02:10]} Qxa7 {[%emt 0:00:02]} 26. Bc6 {[%emt 0:01:58]} bxc3 {[%emt 0:01:45]} 27. bxc3 {[%emt 0:00:13]} Rb8 {[%emt 0:00:21]} 28. Qd3 {[%emt 0:00:18]} Rb2 {[%emt 0:01:50]} 29. Bd5 {[%emt 0:00:35]} Qc5 {[%emt 0:01:11]} 30. Qf3 {[%emt 0:00:24]} f6 {[%emt 0:00:43]} 31. g3 {[%emt 0:00:38]} Rc2 {[%emt 0:02:38]} 32. c4 {[%emt 0:00:17]} Qd4 {[%emt 0:03:06]} 33. h4 {[%emt 0:00:31]} Bd2 {[%emt 0:00:32]} 34. Rd1 {[%emt 0:02:46]} Rc1 {[%emt 0:00:07]} 35. Rxc1 {[%emt 0:00:20]} Bxc1 {[%emt 0:00:02]} 36. Qb3 {[%emt 0:00:54]} Qa7 {[%emt 0:00:44]} 37. Qb5 {[%emt 0:00:21]} Qe7 {[%emt 0:00:37]} 38. Qb8 {[%emt 0:00:18]} f5 {[%emt 0:01:18]} 39. exf5 {[%emt 0:00:49]} gxf5 {[%emt 0:00:01]} 40. Qb1 {[%emt 0:00:00]} Ba3 {[%emt 0:00:00]} 41. Qxf5 {[%emt 0:01:56]} Bc5 $2 {[%emt 0:01:55]} (41... Qf8 42. Qd7+ Kh8) 42. h5 {[%emt 0:05:07]} Bb6 {[%emt 0:05:21]} 43. Be4 {[%emt 0:05:34]} Kh6 {[%emt 0:03:02]} 44. g4 $18 {[%emt 0:01:42]} (44. Kf1 $142 Bd8) 44... Bd8 {[%emt 0:01:20]} 45. Kf1 {[%emt 0:00:22]} Qg7 {[%emt 0:00:38]} 46. Qe6+ {[%emt 0:10:38]} Kg5 {[%emt 0:05:01]} 47. Qxd6 {[%emt 0:00:26]} Kf4 {[%emt 0:01:17]} 48. Qd2+ {[%emt 0:01:45]} Kxe4 {[%emt 0:00:28]} 49. Qe3# {[%emt 0:00:13]} 1-0

[Event "71st MNE-ch 2019"]
[Site "Podgorica"]
[Date "2019.05.24"]
[Round "7.12"]
[White "Popovic, Mateja"]
[Black "Miletic, Vuk"]
[Result "0-1"]
[WhiteElo "1436"]
[BlackElo "1954"]
[Annotator "NA RC"]
[PlyCount "79"]
[EventDate "2019.05.18"]
[EventType "swiss"]
[EventCountry "MNE"]
[SourceTitle "playchess.com"]
[Source "ChessBase"]
[SourceQuality "1"]
[TimeControl "40/5400+30:1800+30"]

1. d4 {[%emt 0:00:02]} g6 {[%emt 0:00:00]} 2. Nf3 {[%emt 0:00:44]} Bg7 {[%emt 0:00:00]} 3. c3 {[%emt 0:03:01]} d6 {[%emt 0:00:01]} 4. Bf4 {[%emt 0:00:55]} Nf6 {[%emt 0:00:32]} 5. Nbd2 {[%emt 0:00:33]} O-O {[%emt 0:00:24]} 6. e4 {[%emt 0:04:14]} Nbd7 {[%emt 0:01:05]} 7. Bd3 {[%emt 0:03:08]} Re8 {[%emt 0:01:24]} 8. O-O {[%emt 0:01:00]} e5 {[%emt 0:00:10]} 9. Bg5 {[%emt 0:06:13]} h6 {[%emt 0:01:59]} 10. Bxf6 {[%emt 0:00:50]} Nxf6 {[%emt 0:00:58]} 11. Qb3 {[%emt 0:02:03]} Nh5 {[%emt 0:06:04]} 12. g3 {[%emt 0:05:17]} Qf6 {[%emt 0:13:48]} 13. Rfe1 {[%emt 0:03:20]} a5 {[%emt 0:13:44]} 14. a4 {[%emt 0:04:34]} g5 {[%emt 0:03:01]} 15. dxe5 {[%emt 0:05:16]} dxe5 {[%emt 0:00:01]} 16. Bc4 {[%emt 0:01:47]} Bf8 {[%emt 0:03:40]} 17. Qc2 {[%emt 0:02:47]} Bc5 {[%emt 0:02:29]} 18. Nb3 {[%emt 0:03:01]} Bb6 {[%emt 0:04:49]} 19. Qe2 {[%emt 0:01:36]} Bg4 {[%emt 0:01:26]} 20. Kg2 {[%emt 0:02:28]} Rad8 {[%emt 0:08:13]} 21. Rad1 {[%emt 0:04:17]} Bd7 {[%emt 0:08:11]} 22. Bb5 {[%emt 0:02:14]} Bxb5 {[%emt 0:02:09]} 23. axb5 {[%emt 0:01:14]} g4 {[%emt 0:08:00]} 24. Nfd2 {[%emt 0:04:44]} Qe6 {[%emt 0:07:24]} 25. Nc4 {[%emt 0:01:21]} a4 {[%emt 0:04:34]} 26. Nxb6 {[%emt 0:04:31]} cxb6 {[%emt 0:01:36]} 27. Nc1 {[%emt 0:03:26]} Nf6 {[%emt 0:00:25]} 28. Nd3 {[%emt 0:00:22]} Qc4 {[%emt 0:01:03]} 29. Qe3 {[%emt 0:06:49]} Kg7 {[%emt 0:00:32]} 30. Nxe5 {[%emt 0:01:07]} Qxb5 {[%emt 0:03:43]} 31. Rxd8 {[%emt 0:00:56]} Rxd8 {[%emt 0:00:01]} 32. Qf4 {[%emt 0:00:14]} Qxb2 {[%emt 0:02:00]} 33. Nxg4 {[%emt 0:00:32]} Nxg4 {[%emt 0:00:38]} 34. Qxg4+ {[%emt 0:00:14]} Kf8 {[%emt 0:00:43]} 35. Qh4 {[%emt 0:02:03]} Rd6 {[%emt 0:01:21]} 36. e5 {[%emt 0:00:15]} Re6 {[%emt 0:00:50]} 37. Qxa4 {[%emt 0:00:40]} Qxc3 {[%emt 0:00:24]} 38. Re4 {[%emt 0:01:55]} Qc6 {[%emt 0:00:46]} 39. Qd4 {[%emt 0:03:28]} f5 {[%emt 0:00:30]} 40. Qa4 0-1

[Event "71st MNE-ch 2019"]
[Site "Podgorica"]
[Date "2019.05.24"]
[Round "7.13"]
[White "Abramovic, Dragoljub"]
[Black "Sabotic, Denis"]
[Result "1-0"]
[WhiteElo "2063"]
[BlackElo "1682"]
[Annotator "NA RC"]
[PlyCount "121"]
[EventDate "2019.05.18"]
[EventType "swiss"]
[EventCountry "MNE"]
[SourceTitle "playchess.com"]
[Source "ChessBase"]
[SourceQuality "1"]
[TimeControl "40/5400+30:1800+30"]

1. d4 {[%emt 0:03:31]} Nf6 {[%emt 0:00:00]} 2. Bg5 {[%emt 0:00:08]} d5 {[%emt 0:01:13]} 3. Nf3 {[%emt 0:00:07]} Ne4 {[%emt 0:00:51]} 4. Bf4 {[%emt 0:00:14]} Bf5 {[%emt 0:02:54]} 5. e3 {[%emt 0:00:06]} e6 {[%emt 0:00:35]} 6. Nbd2 {[%emt 0:00:11]} Nd7 {[%emt 0:01:02]} 7. h3 {[%emt 0:00:44]} c5 {[%emt 0:02:23]} 8. c3 {[%emt 0:00:07]} c4 {[%emt 0:01:36]} 9. g4 {[%emt 0:00:23]} Bg6 {[%emt 0:00:53]} 10. Nxe4 {[%emt 0:00:46]} Bxe4 {[%emt 0:00:25]} 11. Bg2 {[%emt 0:01:20]} Bd3 {[%emt 0:01:42]} 12. Bf1 {[%emt 0:00:17]} Bxf1 {[%emt 0:02:25]} 13. Kxf1 {[%emt 0:00:06]} b5 {[%emt 0:05:00]} 14. Qe2 {[%emt 0:00:53]} Nf6 {[%emt 0:01:32]} 15. Bg5 {[%emt 0:00:23]} h6 {[%emt 0:04:14]} 16. Bxf6 {[%emt 0:00:10]} gxf6 {[%emt 0:01:28]} 17. e4 {[%emt 0:00:08]} Be7 {[%emt 0:05:19]} 18. b3 {[%emt 0:00:14]} Rb8 {[%emt 0:05:36]} 19. a4 {[%emt 0:01:39]} b4 {[%emt 0:08:57]} 20. bxc4 {[%emt 0:00:16]} bxc3 {[%emt 0:00:45]} 21. exd5 {[%emt 0:00:25]} Rb2 {[%emt 0:11:37]} 22. Qd3 {[%emt 0:00:10]} Bb4 {[%emt 0:00:56]} 23. dxe6 {[%emt 0:00:50]} fxe6 {[%emt 0:05:52]} 24. Qg6+ {[%emt 0:00:35]} Kd7 {[%emt 0:02:05]} 25. Kg2 {[%emt 0:00:35]} h5 {[%emt 0:03:02]} 26. g5 {[%emt 0:03:46]} Qa8 {[%emt 0:07:16]} 27. Rhe1 {[%emt 0:01:34]} Rf8 {[%emt 0:01:30]} 28. Qh7+ {[%emt 0:01:24]} Be7 29. d5 {[%emt 0:00:26]} e5 {[%emt 0:04:42]} 30. Nd4 {[%emt 0:01:20]} fxg5 {[%emt 0:02:00]} 31. Nf5 {[%emt 0:01:30]} Re8 {[%emt 0:05:20]} 32. Rxe5 {[%emt 0:00:14]} Qd8 {[%emt 0:00:10]} 33. Rae1 {[%emt 0:00:24]} Kc7 {[%emt 0:03:43]} 34. Nxe7 {[%emt 0:00:11]} Qd7 {[%emt 0:01:38]} 35. d6+ {[%emt 0:00:40]} Kb8 {[%emt 0:02:06]} 36. c5 {[%emt 0:02:34]} Rf8 {[%emt 0:01:37]} 37. Rf5 {[%emt 0:01:49]} Rc8 {[%emt 0:01:13]} 38. Rxg5 {[%emt 0:00:38]} Qb7+ {[%emt 0:01:17]} 39. Qe4 {[%emt 0:00:32]} Qxe4+ {[%emt 0:01:14]} 40. Rxe4 {[%emt 0:00:00]} Rf8 {[%emt 0:00:00]} 41. Rf5 {[%emt 0:00:34]} Rxf5 {[%emt 0:02:54]} 42. Nxf5 {[%emt 0:00:08]} Kb7 {[%emt 0:00:11]} 43. d7 {[%emt 0:00:14]} Rd2 {[%emt 0:00:03]} 44. Nd6+ {[%emt 0:00:32]} Kc7 {[%emt 0:00:18]} 45. Nb5+ {[%emt 0:01:06]} Kxd7 {[%emt 0:01:07]} 46. Nxc3 {[%emt 0:00:08]} Kc6 {[%emt 0:00:02]} 47. Re7 {[%emt 0:00:17]} a6 {[%emt 0:00:40]} 48. Ne4 {[%emt 0:00:07]} Ra2 {[%emt 0:00:35]} 49. Kg3 {[%emt 0:00:38]} Rxa4 {[%emt 0:01:16]} 50. f4 {[%emt 0:00:05]} Ra3+ {[%emt 0:01:40]} 51. Kf2 {[%emt 0:00:08]} Rxh3 {[%emt 0:01:42]} 52. f5 {[%emt 0:00:06]} Rh2+ {[%emt 0:00:54]} 53. Kg3 {[%emt 0:00:11]} Rh1 {[%emt 0:00:59]} 54. f6 {[%emt 0:00:07]} Rg1+ {[%emt 0:00:02]} 55. Kf2 {[%emt 0:00:24]} Rg4 {[%emt 0:00:20]} 56. f7 {[%emt 0:00:18]} Rf4+ {[%emt 0:01:24]} 57. Ke3 {[%emt 0:00:08]} Rf5 {[%emt 0:00:15]} 58. Re6+ {[%emt 0:00:12]} Kd7 {[%emt 0:01:53]} 59. Rf6 {[%emt 0:01:12]} Rxf6 {[%emt 0:00:18]} 60. Nxf6+ {[%emt 0:00:02]} Ke7 {[%emt 0:00:01]} 61. c6 {[%emt 0:00:33]} 1-0

[Event "71st MNE-ch 2019"]
[Site "Podgorica"]
[Date "2019.05.24"]
[Round "7.14"]
[White "Koljevic, Nikolina"]
[Black "Petrovic, Slavko"]
[Result "1-0"]
[WhiteElo "1964"]
[BlackElo "1945"]
[Annotator "NA RC"]
[PlyCount "91"]
[EventDate "2019.05.18"]
[EventType "swiss"]
[EventCountry "MNE"]
[SourceTitle "playchess.com"]
[Source "ChessBase"]
[SourceQuality "1"]
[TimeControl "40/5400+30:1800+30"]

1. e4 {[%emt 0:00:00]} c5 {[%emt 0:00:00]} 2. Nf3 {[%emt 0:00:00]} Nc6 {[%emt 0:00:29]} 3. Bb5 {[%emt 0:00:00]} Qc7 {[%emt 0:01:23]} 4. Nc3 {[%emt 0:00:48]} e6 {[%emt 0:00:26]} 5. Bxc6 {[%emt 0:01:03]} bxc6 {[%emt 0:01:25]} (5... Qxc6 6. d4 cxd4 7. Nxd4 Qc7 8. Ndb5 Qb8 9. Be3 a6 10. Bb6 axb5 11. Nxb5 Bb4+ 12. c3 Ba5 13. Bxa5 Rxa5 {1-0 (27) Kryvoruchko,Y (2703)-Tabatabaei,M (2605) Dubai 2018}) 6. O-O {[%emt 0:01:52] B30: Sicilian: 2...Nc6 3 Bb5, lines without ...g6} e5 {[%emt 0:02:15]} 7. d3 {[%emt 0:01:29]} Be7 {[%emt 0:00:40]} 8. Be3 {[%emt 0:04:33]} Rb8 $146 {[%emt 0:01:27]} ({Predecessor:} 8... Nf6 9. Nd2 d6 10. h3 g5 11. Bxg5 Bxh3 12. Bh4 Rg8 {1-0 (43) Zilinskas,V (2080)-Novotny,M (2250) Ostrava 2007}) 9. Qc1 {[%emt 0:02:01]} d6 {[%emt 0:02:14]} 10. Nd2 {[%emt 0:02:59]} g5 {[%emt 0:04:38]} 11. Nb3 {[%emt 0:03:14]} h6 {[%emt 0:00:26]} 12. Ne2 {[%emt 0:07:20]} Be6 {[%emt 0:06:04]} 13. Ng3 {[%emt 0:03:19]} Qd7 {[%emt 0:01:00]} 14. c3 {[%emt 0:14:13]} c4 {[%emt 0:04:08]} 15. dxc4 {[%emt 0:00:54]} Bxc4 {[%emt 0:03:05]} 16. Rd1 {[%emt 0:00:05]} Qc7 {[%emt 0:00:48]} 17. Nd2 {[%emt 0:09:17]} Be6 {[%emt 0:01:38]} 18. c4 {[%emt 0:06:53]} Nf6 {[%emt 0:01:24]} 19. b3 {[%emt 0:00:54]} O-O {[%emt 0:07:57]} 20. Nf3 {[%emt 0:04:53]} Nh7 {[%emt 0:04:57]} 21. Qc2 {[%emt 0:03:02]} Kh8 {[%emt 0:02:36]} 22. c5 {[%emt 0:01:45]} d5 {[%emt 0:05:38]} 23. exd5 {[%emt 0:06:42]} cxd5 {[%emt 0:02:21]} 24. Nf5 {[%emt 0:00:37]} Bf6 {[%emt 0:03:49]} 25. Rac1 {[%emt 0:06:00]} d4 {[%emt 0:09:15]} 26. Bd2 {[%emt 0:00:17]} Qc6 {[%emt 0:01:28]} 27. Re1 {[%emt 0:02:15]} Bd5 $2 {[%emt 0:02:03]} (27... Rbd8 $16 {is more resistant.}) 28. Nxe5 {[%emt 0:00:37]} Bxe5 {[%emt 0:08:58]} 29. Rxe5 {[%emt 0:00:03]} Bxg2 {[%emt 0:02:21]} 30. Nxd4 {[%emt 0:00:06]} Qa8 {[%emt 0:04:31]} 31. c6 {[%emt 0:01:09]} Bh3 {[%emt 0:03:24]} 32. Qc3 {[%emt 0:02:54]} Bc8 {[%emt 0:02:15]} 33. Nb5 {[%emt 0:01:35]} Rxb5 {[%emt 0:01:44]} 34. Rxb5+ {[%emt 0:00:05]} Kg8 {[%emt 0:00:14]} 35. h4 {[%emt 0:01:26]} Ba6 {[%emt 0:06:13]} 36. Ra5 {[%emt 0:01:32]} Qc8 {[%emt 0:00:33]} 37. hxg5 {[%emt 0:02:05]} h5 {[%emt 0:00:26]} 38. Qf3 {[%emt 0:01:53]} h4 {[%emt 0:01:25]} 39. Qf5 {[%emt 0:00:34]} Qxf5 {[%emt 0:01:07]} 40. Rxf5 {[%emt 0:00:00]} Bc8 {[%emt 0:00:00]} 41. Rb5 {[%emt 0:01:35]} Kg7 {[%emt 0:06:24]} 42. c7 {[%emt 0:01:45]} Kg6 {[%emt 0:00:30]} 43. Rc6+ {[%emt 0:00:44]} f6 {[%emt 0:01:15]} 44. Rb8 {[%emt 0:01:45]} Kf7 {[%emt 0:00:36]} 45. Bc3 {[%emt 0:02:23]} fxg5 $18 {[%emt 0:00:49]} 46. Rh6 {[%emt 0:00:12]} 1-0

[Event "71st MNE-ch 2019"]
[Site "Podgorica"]
[Date "2019.05.24"]
[Round "7.15"]
[White "Stankovic, Zarko"]
[Black "Bacic, Kristina"]
[Result "0-1"]
[WhiteElo "2218"]
[BlackElo "1819"]
[Annotator "RC"]
[PlyCount "84"]
[EventDate "2019.05.18"]
[EventType "swiss"]
[EventCountry "MNE"]
[SourceTitle "playchess.com"]
[Source "ChessBase"]
[SourceQuality "1"]
[TimeControl "40/5400+30:1800+30"]

1. e4 {[%emt 0:28:59]} d5 {[%emt 0:00:00]} 2. exd5 {[%emt 0:00:11]} Qxd5 {[%emt 0:00:00]} 3. Nc3 {[%emt 0:00:15]} Qd8 {[%emt 0:00:02]} 4. g3 {[%emt 0:02:13]} Nf6 {[%emt 0:00:14]} 5. Bg2 {[%emt 0:00:54]} c6 {[%emt 0:00:14]} 6. Nge2 {[%emt 0:00:26]} Bf5 {[%emt 0:00:35]} 7. d3 {[%emt 0:00:31]} e6 {[%emt 0:00:19]} 8. O-O {[%emt 0:00:11]} Be7 {[%emt 0:01:21]} 9. h3 {[%emt 0:01:02]} O-O {[%emt 0:01:06]} 10. b3 {[%emt 0:02:01]} Nd5 {[%emt 0:01:29]} 11. Ne4 {[%emt 0:01:08]} Nd7 {[%emt 0:01:31]} 12. Bb2 {[%emt 0:00:09]} N7f6 {[%emt 0:00:49]} 13. a3 {[%emt 0:00:27]} Bg6 {[%emt 0:02:09]} 14. c4 {[%emt 0:01:01]} Nb6 {[%emt 0:01:23]} 15. Qc2 {[%emt 0:00:15]} Nxe4 {[%emt 0:01:19]} 16. dxe4 {[%emt 0:00:37]} Bf6 {[%emt 0:02:10]} 17. Rad1 {[%emt 0:00:32]} Qe7 {[%emt 0:01:26]} 18. f4 {[%emt 0:22:58]} Bxb2 {[%emt 0:02:50]} 19. Qxb2 {[%emt 0:00:02]} Rfd8 {[%emt 0:17:22]} 20. Rxd8+ {[%emt 0:04:12]} Rxd8 {[%emt 0:00:13]} 21. f5 {[%emt 0:00:13]} exf5 {[%emt 0:00:24]} 22. exf5 {[%emt 0:00:02]} Qe3+ {[%emt 0:07:04]} 23. Rf2 {[%emt 0:18:55]} Bxf5 {[%emt 0:10:28]} 24. Nf4 {[%emt 0:05:20]} Qxg3 {[%emt 0:17:21]} 25. Qe2 {[%emt 0:00:26]} Qxb3 {[%emt 0:05:02]} 26. Qe7 {[%emt 0:01:45]} Qd1+ {[%emt 0:01:27]} 27. Bf1 {[%emt 0:02:05]} Qd7 {[%emt 0:06:06]} 28. Qg5 {[%emt 0:02:14]} Bg6 {[%emt 0:05:20]} 29. h4 {[%emt 0:00:14]} f6 {[%emt 0:05:26]} 30. Qg3 {[%emt 0:00:28]} Bf7 {[%emt 0:04:40]} 31. Bh3 {[%emt 0:01:52]} Qd4 {[%emt 0:01:58]} 32. Be6 {[%emt 0:00:19]} Nxc4 {[%emt 0:01:56]} 33. Kh2 {[%emt 0:00:20]} Ne5 {[%emt 0:02:01]} 34. Rg2 {[%emt 0:01:42]} Ng6 {[%emt 0:00:34]} 35. Nxg6 {[%emt 0:00:31]} hxg6 {[%emt 0:00:30]} 36. Bxf7+ {[%emt 0:00:03]} Kxf7 {[%emt 0:00:04]} 37. Qxg6+ {[%emt 0:00:13]} Ke6 {[%emt 0:00:31]} 38. Re2+ {[%emt 0:01:49]} Kd6 {[%emt 0:00:40]} 39. Qxg7 {[%emt 0:00:44]} Qxh4+ {[%emt 0:00:22]} 40. Kg2 {[%emt 0:00:00]} Qg5+ {[%emt 0:00:00]} 41. Qxg5 {[%emt 0:01:12]} fxg5 {[%emt 0:00:10]} 42. Kg3 {[%emt 0:01:23]} Rg8 {[%emt 0:01:50]} 0-1

[Event "71st MNE-ch 2019"]
[Site "Podgorica"]
[Date "2019.05.24"]
[Round "7.16"]
[White "Ljeskovic, Luka"]
[Black "Rakic, Tijana"]
[Result "0-1"]
[WhiteElo "1710"]
[BlackElo "1579"]
[Annotator "NA RC"]
[PlyCount "66"]
[EventDate "2019.05.18"]
[EventType "swiss"]
[EventCountry "MNE"]
[SourceTitle "playchess.com"]
[Source "ChessBase"]
[SourceQuality "1"]
[TimeControl "40/5400+30:1800+30"]

1. g3 {[%emt 0:06:53]} c5 {[%emt 0:00:00]} 2. Bg2 {[%emt 0:00:22]} Nc6 {[%emt 0:00:00]} 3. Nc3 {[%emt 0:00:16]} g6 {[%emt 0:00:26]} 4. f4 {[%emt 0:00:15]} Bg7 {[%emt 0:03:57]} 5. e4 {[%emt 0:00:14]} d6 {[%emt 0:00:31]} 6. h3 {[%emt 0:00:23]} e6 {[%emt 0:01:46]} 7. Nge2 {[%emt 0:00:35]} Nge7 {[%emt 0:00:24]} 8. d3 {[%emt 0:01:01]} a6 {[%emt 0:03:37]} 9. a4 {[%emt 0:04:03]} Nd4 {[%emt 0:03:03]} 10. Nxd4 {[%emt 0:00:30]} cxd4 {[%emt 0:03:20]} 11. Ne2 {[%emt 0:00:36]} h5 {[%emt 0:02:56]} 12. O-O {[%emt 0:00:42]} Bd7 {[%emt 0:04:18]} 13. b3 {[%emt 0:01:47]} Qc7 {[%emt 0:01:52]} 14. Bb2 {[%emt 0:00:14]} Nc6 {[%emt 0:00:15]} 15. Qd2 {[%emt 0:00:49]} O-O {[%emt 0:00:19]} 16. g4 {[%emt 0:00:41]} hxg4 {[%emt 0:01:53]} 17. hxg4 {[%emt 0:00:06]} Ne7 {[%emt 0:04:49]} 18. Bxd4 {[%emt 0:02:04]} e5 {[%emt 0:02:15]} 19. Bb2 {[%emt 0:00:48]} Bxg4 {[%emt 0:00:24]} 20. Rac1 {[%emt 0:07:43]} Bh6 {[%emt 0:10:38]} 21. Qe3 {[%emt 0:07:40]} Bxe2 {[%emt 0:03:36]} 22. Qxe2 {[%emt 0:00:11]} Bxf4 {[%emt 0:04:08]} 23. Rxf4 {[%emt 0:00:37]} exf4 {[%emt 0:00:11]} 24. Qf3 {[%emt 0:00:38]} Qc5+ {[%emt 0:02:08]} 25. Kf1 {[%emt 0:03:52]} Qe3 {[%emt 0:08:07]} 26. Qg4 {[%emt 0:00:35]} Qg3 {[%emt 0:15:48]} 27. Qd7 {[%emt 0:00:49]} f3 28. Bh1 {[%emt 0:00:18]} Nc6 {[%emt 0:01:15]} 29. Qxb7 {[%emt 0:02:09]} Ne5 {[%emt 0:00:47]} 30. Bxe5 {[%emt 0:01:01]} dxe5 {[%emt 0:00:29]} 31. Qb4 {[%emt 0:00:27]} Kg7 {[%emt 0:02:03]} 32. Qe1 {[%emt 0:00:14]} Qf4 {[%emt 0:00:32]} 33. Qf2 {[%emt 0:01:14]} Qxc1+ {[%emt 0:00:21]} 0-1

[Event "71st MNE-ch 2019"]
[Site "Podgorica"]
[Date "2019.05.25"]
[Round "8.1"]
[White "Kontic, Djordjije"]
[Black "Djukic, Nikola"]
[Result "0-1"]
[WhiteElo "2264"]
[BlackElo "2552"]
[Annotator "ChessBase"]
[PlyCount "84"]
[EventDate "2019.05.18"]
[EventType "swiss"]
[EventCountry "MNE"]
[SourceTitle "playchess.com"]
[Source "ChessBase"]
[SourceQuality "1"]
[TimeControl "40/5400+30:1800+30"]

1. e4 {[%emt 0:05:13]} c5 {[%emt 0:00:00]} 2. Nf3 {[%emt 0:00:47]} Nc6 {[%emt 0:00:00]} 3. Nc3 {[%emt 0:01:23]} g6 {[%emt 0:00:00]} 4. a3 {[%emt 0:09:47]} Bg7 {[%emt 0:05:08]} 5. Bc4 {[%emt 0:02:17]} d6 {[%emt 0:18:48]} 6. d3 {[%emt 0:11:56]} e6 {[%emt 0:17:15]} 7. Bg5 {[%emt 0:16:59]} Nge7 {[%emt 0:00:26]} 8. Ba2 {[%emt 0:01:01]} h6 {[%emt 0:03:03]} 9. Bh4 {[%emt 0:04:33]} O-O {[%emt 0:05:49]} 10. O-O {[%emt 0:04:57]} Rb8 {[%emt 0:02:12]} 11. Re1 {[%emt 0:06:16]} b5 {[%emt 0:01:26]} 12. Rb1 {[%emt 0:00:14]} a6 {[%emt 0:11:13]} 13. Bg3 {[%emt 0:04:52]} Bb7 {[%emt 0:04:18]} 14. h4 {[%emt 0:05:23]} Kh8 {[%emt 0:05:47]} 15. Qc1 {[%emt 0:03:25]} Nd4 {[%emt 0:01:57]} 16. Nh2 {[%emt 0:04:23]} Rc8 {[%emt 0:04:58]} 17. Nd1 {[%emt 0:00:26]} d5 {[%emt 0:03:48]} 18. c3 {[%emt 0:00:32]} Ndc6 {[%emt 0:00:14]} 19. Ng4 {[%emt 0:01:49]} h5 {[%emt 0:00:37]} 20. exd5 {[%emt 0:00:42]} exd5 {[%emt 0:02:00]} 21. Ne5 {[%emt 0:02:35]} Nf5 {[%emt 0:01:26]} 22. Nf3 {[%emt 0:05:08]} Nxg3 {[%emt 0:01:29]} 23. fxg3 {[%emt 0:00:04]} Qd6 {[%emt 0:02:50]} 24. Qf4 {[%emt 0:01:11]} Rcd8 {[%emt 0:00:46]} 25. Ne3 {[%emt 0:00:29]} Qxf4 {[%emt 0:01:50]} 26. gxf4 {[%emt 0:00:04]} d4 {[%emt 0:00:08]} 27. cxd4 {[%emt 0:00:45]} Bxd4 {[%emt 0:01:53]} 28. Kh2 {[%emt 0:01:01]} Rd7 {[%emt 0:02:16]} 29. Ng5 {[%emt 0:01:26]} Nd8 {[%emt 0:00:28]} 30. Nc2 {[%emt 0:00:40]} Bf2 {[%emt 0:00:29]} 31. Re5 {[%emt 0:02:43]} Rxd3 {[%emt 0:01:00]} 32. Ne1 {[%emt 0:01:33]} Bg3+ {[%emt 0:00:27]} 33. Kg1 {[%emt 0:00:25]} Rd2 {[%emt 0:01:00]} 34. Nef3 {[%emt 0:00:13]} Bxf4 {[%emt 0:00:23]} 35. Re7 {[%emt 0:00:46]} Bxg5 {[%emt 0:00:20]} 36. Nxg5 {[%emt 0:00:53]} c4 {[%emt 0:01:02]} 37. Kf1 {[%emt 0:01:03]} Bxg2+ {[%emt 0:00:13]} 38. Ke1 {[%emt 0:00:12]} Rd6 {[%emt 0:00:31]} 39. Kf2 {[%emt 0:00:39]} Bc6 {[%emt 0:00:09]} 40. Kg1 {[%emt 0:00:00]} Kg8 {[%emt 0:00:00]} 41. Rf1 {[%emt 0:01:39]} Rd2 {[%emt 0:01:16]} 42. Rf2 {[%emt 0:01:41]} Rd4 {[%emt 0:04:09]} 0-1